000
00282nam a2200121Ia 4500
008
190216s9999||||xx |||||||||||||| ||und||
100
_a
Krishana Murthy B R
245
0
_a
On The Heights
260
_b
Orient Longman
_c
1971
300
_a
144p
650
_a
English Prose
942
_c
BK
999
_c
12521
_d
12521